02220nam a22003375i 4500999001700000003000900017005001700026008004100043020001800084040004300102082002100145245013800166246007100304250003000375264008000405300004600485336002600531337002800557338002700585490011200612500002000724520075400744546004601498650005801544650005101602653002601653655001701679700002801696942001201724952014601736 c27952d27923EG-ScBUE20200126145219.0200126s2017 cc a f 001 0 chi d a9787040325263 aEG-ScBUEbengerdacEG-ScBUEdEG-ScBUE04a495.111bHAN22200a国际汉语教师汉字教学手册 =bHandbook on characters teaching for international Chinese teachers /cedited by Xiurong Wang.31aHandbook on characters teaching for international Chinese teachers a第1版 =bFirst edition. 1aBeijing :bHigher Education Press :bChinese higher education press,c2017. avii, 512 pages :billustrations ;c28 cm. atextbtxt2rdacontent aunmediatedbn2rdamedia avolumebnc2rdacarrier0 a国际汉语教师课堂教学资源丛书 =a​Teaching resource books for international Chinese teachers aIncludes index. aHandbook on Characters Teaching for International Chinese Teachers is primarily designed for Chinese teachers, volunteer Chinese teachers, undergraduate and postgraduate students of MTCSOL. The book is useful for specialized course teaching, teacher training, and self-study. The handbook introduced basic knowledge and methods of characters teaching in the first chapter. Then the book explained nearly 2,500 characters in detail. Each character’s pronunciation, meaning, strokes, writing order, etymon, picture, and other relevant materials are shown clearly. Based on the classification of characters, the reference book offered specialized teaching instructions. In addition, 70 character activities and the number of copy pages are contained. aIn simplified Chinese script and English. 7aChinese languagexWritingxStudy and teaching.2BUEsh 7aChinese charactersxStudy and teaching.2BUEsh bHHUUCCHHcJanuary2020 vReading book1 aWang, Xiurong,eeditor. 2ddccBB 00102ddc40708BaccahaMAINbMAINc2NDd2020-01-26ePurchasel2m3o495.111 HANp000048525r2025-07-15 00:00:00s2024-09-23w2020-01-26yBB